000 00884nam a22002297a 4500
999 _c12581
_d12581
003 AR-CdUCM
008 190409b ||||| |||| 00| 0 spa d
040 _aMUNICIPALIDAD PROVINCIAL DEL CUSCO
_cBIBLIOTECA MUNICIPAL DEL CUSCO
082 _a869.5661 /
_bSA22 / 1965
100 _aSánchez, Luis Alberto
_9401
245 _aLa literatura peruana :
_bderrotero para una historia cultural del Perú /
260 _aLima :
_bEdiciones de Ediventas,
_c1965.
300 _a775-1151 páginas ;
_bilustraciones, retratos,
_c25 cm.
505 _aContenido: t.3: Del Costumbrismo al Romanticismo -- Románticos, Naturalistas, Ideologos y Modernistas.
650 _aLiteratura peruana
_9169
650 _aHistoria y crítica
_95993
650 _aLiteratos
_9754
650 _aBiografía
_922
650 _aVida y costumbres sociales
_9857
942 _2ddc
_cLIBROS
945 _aachl
_d2019-04-09